[Event "RD-2016-0-00133"]
[Site "LSS email"]
[Date "2016.11.11"]
[Round "?"]
[White "Barna, Zsolt"]
[Black "Perez Garcia, Miguel"]
[Result "0-1"]
[WhiteElo "1588"]
[BlackElo "1499"]
[PlyCount "78"]
[EventDate "2016.05.29"]
[EventType "tourn (corr)"]
[EventRounds "6"]
[EventCountry "GER"]
[SourceTitle "Corr 2022"]
[Source "ChessBase"]
[SourceDate "2021.10.24"]
[SourceVersion "1"]
[SourceVersionDate "2021.10.24"]
[SourceQuality "1"]

1. e4 e5 2. Nc3 Nf6 3. Bc4 Nc6 4. d3 Bc5 5. f4 d6 6. Nf3 a6 7. a4 Bg4 8. Rf1 0-0 9. h3 Bxf3 10. Rxf3 Nd4 11. Rg3 d5 12. fxe5 dxc4 13. Bg5 Be7 14. Bxf6 Bxf6 15. exf6 Qxf6 16. Qd2 Qe5 17. Rg5 f5 18. 0-0-0 Rad8 19. Kb1 cxd3 20. cxd3 h6 21. Rh5 Qe6 22. exf5 Nxf5 23. g4 Nd4 24. Ne4 b5 25. a5 Qf7 26. Qc3 Ne2 27. Qc2 Qf3 28. Qb3+ Kh8 29. Qe6 Rfe8 30. Rxh6+ gxh6 31. Qxh6+ Kg8 32. Qg6+ Kf8 33. Qh6+ Ke7 34. Qg5+ Ke6 35. Qg6+ Kd5 36. Ka2 Qf8 37. Nf6+ Kc5 38. Rf1 Qd6 39. Qh5+ Kb4 0-1

[Event "RD-2016-0-00133"]
[Site "LSS email"]
[Date "2016.11.11"]
[Round "?"]
[White "Perez Garcia, Miguel"]
[Black "Colombo, Antonio"]
[Result "1/2-1/2"]
[WhiteElo "1499"]
[BlackElo "1670"]
[PlyCount "61"]
[EventDate "2016.05.29"]
[EventType "tourn (corr)"]
[EventRounds "6"]
[EventCountry "GER"]
[SourceTitle "Corr 2022"]
[Source "ChessBase"]
[SourceDate "2021.10.24"]
[SourceVersion "1"]
[SourceVersionDate "2021.10.24"]
[SourceQuality "1"]

1. e4 e5 2. Nf3 Nc6 3. Bb5 a6 4. Bxc6 dxc6 5. 0-0 f6 6. d4 Bg4 7. c3 Bd6 8. Nbd2 Qe7 9. Nc4 0-0-0 10. h3 Bh5 11. Qb3 Bxf3 12. gxf3 Qd7 13. Kg2 exd4 14. Rd1 Ne7 15. Rxd4 Qe8 16. Nxd6+ Rxd6 17. Rb4 b5 18. Rd4 f5 19. Rxd6 cxd6 20. Qe6+ Qd7 21. Qxd7+ Kxd7 22. a4 Ke6 23. axb5 axb5 24. Bg5 Nc8 25. h4 Rf8 26. Kg3 fxe4 27. fxe4 d5 28. exd5+ Kxd5 29. Rd1+ Ke6 30. Bf4 h5 31. b3 1/2-1/2